| 000 | 00498nam a2200157Ia 4500 | ||
|---|---|---|---|
| 008 | 170221s9999 xx 000 0 und d | ||
| 100 | _aMurat Sahin | ||
| 245 | 3 | _aAn Examination of Academic Studies Covering Israel Palestine Conflict Over its Reflections Through Media | |
| 245 | _cMurat Sahin | ||
| 260 | _bOnline Journal of Communication and Media Technologies | ||
| 260 | _c2017 | ||
| 300 | _a7 : 1 | ||
| 650 | _xCommunication | ||
| 650 | _xMedia Arts | ||
| 856 | _uhttp://www.ojcmt.net/ | ||
| 999 |
_c306710 _d306710 |
||